| 000 | 01004nam a2200193 a 4500 | ||
|---|---|---|---|
| 008 | 120416s1980 ||||||||||||||||| || u | ||
| 050 | _aHB 172 Gou | ||
| 100 | _aGould, J. P | ||
| 245 | 1 | 0 | _aMicroeconomic theory |
| 250 | _a5th ed. | ||
| 260 |
_aHomewwod, Ill. _bR. D. Irwin _c1980 |
||
| 300 | _axiv, 556p. : ill. | ||
| 350 | _a0.00 | ||
| 650 | _aMICROECONOMICS | ||
| 995 |
_aMAIN LIBRARY OPEN ACCESS _D0.00 _e704077 _FCBU-MAIN LIBRARY (Kitwe) _H2 _I0.00 _jHB 172 Gou _M3 _UAVAILABLE _y024086 _ZMain Library Open Access Collection |
||
| 995 |
_aMAIN LIBRARY OPEN ACCESS _D0.00 _e024082 _FCBU-MAIN LIBRARY (Kitwe) _H3 _I0.00 _jHB 172 Gou _M4 _UAVAILABLE _y024082 _ZMain Library Open Access Collection |
||
| 995 |
_aMAIN LIBRARY OPEN ACCESS _D0.00 _e020194 _FCBU-MAIN LIBRARY (Kitwe) _H4 _I0.00 _jHB 172 Gou _M1 _UAVAILABLE _y020194 _ZMain Library Open Access Collection |
||
| 995 |
_aMAIN LIBRARY OPEN ACCESS _D0.00 _e704076 _FCBU-MAIN LIBRARY (Kitwe) _H1 _I0.00 _jHB 172 Gou _M2 _UAVAILABLE _y023562 _ZMain Library Open Access Collection |
||
| 999 |
_c82907 _d82907 |
||